<?xml version="1.0" encoding="UTF-8"?>
<record
    xmlns:xsi="http://www.w3.org/2001/XMLSchema-instance"
    xsi:schemaLocation="http://www.loc.gov/MARC21/slim http://www.loc.gov/standards/marcxml/schema/MARC21slim.xsd"
    xmlns="http://www.loc.gov/MARC21/slim">

  <leader>01038nam a22002537a 4500</leader>
  <controlfield tag="003">BPGM</controlfield>
  <controlfield tag="008">260619b2008    mx ||||| |||| 001 0 spa d</controlfield>
  <datafield tag="020" ind1=" " ind2=" ">
    <subfield code="a">978-968-9350-19-4</subfield>
  </datafield>
  <datafield tag="040" ind1=" " ind2=" ">
    <subfield code="a">BPGM</subfield>
    <subfield code="b">spa</subfield>
  </datafield>
  <datafield tag="041" ind1=" " ind2=" ">
    <subfield code="a">spa</subfield>
    <subfield code="h">spa</subfield>
  </datafield>
  <datafield tag="082" ind1="0" ind2="4">
    <subfield code="a">CQ / 863M / </subfield>
    <subfield code="b">G37375  / B57  /</subfield>
  </datafield>
  <datafield tag="100" ind1=" " ind2=" ">
    <subfield code="a">GARCIA OLIVA, TARSICIO</subfield>
  </datafield>
  <datafield tag="245" ind1=" " ind2=" ">
    <subfield code="a">BISONTE FUGITIVO</subfield>
  </datafield>
  <datafield tag="260" ind1=" " ind2=" ">
    <subfield code="a">QUERETARO ; </subfield>
    <subfield code="b">INSTITO QUERETARO DE LA CULTURA Y LAS ARTES , </subfield>
    <subfield code="c">2008 .</subfield>
  </datafield>
  <datafield tag="300" ind1=" " ind2=" ">
    <subfield code="a">73 paginas; </subfield>
    <subfield code="c">22.3 cm x 10.5 cm </subfield>
  </datafield>
  <datafield tag="336" ind1=" " ind2=" ">
    <subfield code="2">rdacontent</subfield>
    <subfield code="a">texto</subfield>
    <subfield code="b">txt</subfield>
  </datafield>
  <datafield tag="337" ind1=" " ind2=" ">
    <subfield code="2">rdamedia</subfield>
    <subfield code="a">sin mediaci&#xF3;n</subfield>
    <subfield code="b">n</subfield>
  </datafield>
  <datafield tag="338" ind1=" " ind2=" ">
    <subfield code="2">rdacarrier</subfield>
    <subfield code="a">volumen </subfield>
    <subfield code="b">nc</subfield>
  </datafield>
  <datafield tag="505" ind1=" " ind2=" ">
    <subfield code="a">A DIFERENCIA DE LA NOVELA DE VILLANES CAIRO, EL RELATO O POEMARIO "BISONTE FUGITIVO" DE TARSICIO GARC&#xCD;A OLIVA ES UNA OBRA DE LITERATURA INFANTIL Y JUVENIL QUE UTILIZA LA MET&#xC1;FORA DEL BISONTE PARA ABORDAR LA B&#xDA;SQUEDA DE LA LIBERTAD, LA IDENTIDAD Y EL ARRAIGO CON LA NATURALEZA.</subfield>
  </datafield>
  <datafield tag="650" ind1=" " ind2=" ">
    <subfield code="a">LITERATURA Y RET&#xD3;RICA</subfield>
  </datafield>
  <datafield tag="650" ind1=" " ind2=" ">
    <subfield code="a">LITERATURAS ESPA&#xD1;OLA Y PORTUGUESA</subfield>
  </datafield>
  <datafield tag="650" ind1=" " ind2=" ">
    <subfield code="a">NOVEL&#xCD;STICA ESPA&#xD1;OLA</subfield>
  </datafield>
  <datafield tag="942" ind1=" " ind2=" ">
    <subfield code="2">ddc</subfield>
    <subfield code="c">COLQ</subfield>
  </datafield>
  <datafield tag="952" ind1=" " ind2=" ">
    <subfield code="0">0</subfield>
    <subfield code="1">0</subfield>
    <subfield code="2">ddc</subfield>
    <subfield code="4">0</subfield>
    <subfield code="7">2</subfield>
    <subfield code="8">ESPQ</subfield>
    <subfield code="a">BPCEFC</subfield>
    <subfield code="b">BPCEFC</subfield>
    <subfield code="c">SALA QUER&#xC9;TARO ACCESO B PLANTA ALTA</subfield>
    <subfield code="d">2010-02-10</subfield>
    <subfield code="e">DONADO </subfield>
    <subfield code="l">0</subfield>
    <subfield code="o">CQ / 863M /  G37375  / B57  /</subfield>
    <subfield code="r">2026-06-19 22:40:26</subfield>
    <subfield code="t">EJ.1</subfield>
    <subfield code="w">2026-06-19</subfield>
    <subfield code="y">COLQ</subfield>
  </datafield>
  <datafield tag="952" ind1=" " ind2=" ">
    <subfield code="0">0</subfield>
    <subfield code="1">0</subfield>
    <subfield code="2">ddc</subfield>
    <subfield code="4">0</subfield>
    <subfield code="7">2</subfield>
    <subfield code="8">ESPQ</subfield>
    <subfield code="a">BPCEFC</subfield>
    <subfield code="b">BPCEFC</subfield>
    <subfield code="c">SALA QUER&#xC9;TARO ACCESO B PLANTA ALTA</subfield>
    <subfield code="d">2010-02-10</subfield>
    <subfield code="e">DONADO </subfield>
    <subfield code="l">0</subfield>
    <subfield code="o">CQ / 863M /  G37375  / B57  /</subfield>
    <subfield code="r">2026-06-19 22:40:26</subfield>
    <subfield code="t">EJ.2</subfield>
    <subfield code="w">2026-06-19</subfield>
    <subfield code="y">COLQ</subfield>
  </datafield>
  <datafield tag="952" ind1=" " ind2=" ">
    <subfield code="0">0</subfield>
    <subfield code="1">0</subfield>
    <subfield code="2">ddc</subfield>
    <subfield code="4">0</subfield>
    <subfield code="7">2</subfield>
    <subfield code="8">ESPQ</subfield>
    <subfield code="a">BPCEFC</subfield>
    <subfield code="b">BPCEFC</subfield>
    <subfield code="c">SALA QUER&#xC9;TARO ACCESO B PLANTA ALTA</subfield>
    <subfield code="d">2010-02-10</subfield>
    <subfield code="e">DONADO </subfield>
    <subfield code="l">0</subfield>
    <subfield code="o">CQ / 863M /  G37375  / B57  /</subfield>
    <subfield code="r">2026-06-19 22:40:26</subfield>
    <subfield code="t">EJ.3</subfield>
    <subfield code="w">2026-06-19</subfield>
    <subfield code="y">COLQ</subfield>
  </datafield>
  <datafield tag="999" ind1=" " ind2=" ">
    <subfield code="c">68657</subfield>
    <subfield code="d">68657</subfield>
  </datafield>
</record>
